000 00329nam a22001337a 4500
008 171017b xxu||||| |||| 00| 0 eng d
020 _a08977471000
041 _aeng
080 _a338
100 _a53
101 _aMEN
245 _aFROM IDEA TO FUNDED PROJECT GRANT PROPOSALS THAT WORK
_cBELCHER.J.C
942 _2udc
_cBK
999 _c34511
_d34511